000 00887nam a2200265Ia 4500
003 OSt
005 20221007122439.0
006 a|||||r|||| 00| 0
007 ta
008 221006b |||||||| |||| 00| 0 eng d
020 _a9788175969 (pbk)
024 _a95637
037 _b2491, 08/02/2010, New India Book Agency
_cTextbook
040 _aPAPL
_cPAPL
_beng
041 _2eng
_aeng
082 _aCN1, P6;5 Carpa
100 _aMuller-Kirstein Harald J W
_9714367
245 0 _aIntroduction to quantum mechanics:shrodinger equation and path integral
260 _aNew
_bJersey World Scientific
_c2006
300 _axix, 805p.
_ccm.
500 _aBibliography 779-796p.; Index 797-805p.
650 _aPhysics
942 _hCN1, P6;5 Carpa
_cTB
_2CC
999 _c1210361
_d1210361